00686nam a22001697a 4500003000500000038001800005082000800023100003400031245016900065264003400234650004000268700003400308856005700342942001200399999001900411952008600430NUST aNusrat Nadeem a200 aAkbar Muhammad Awais 9131635 aIntegrated-decision support system (DSS) for risk identification and mitigation in manufacturing industry for zero-defect manufacturing (ZDM)/cMuhammad Awais Akbar aIslamabad:bCEME NUST.c2025. aPhD-Engineering Management 9124516 aSupervisor: Dr. Afshan Naseem uhttp://10.250.8.41:8080/xmlui/handle/123456789/54786 2ddccSC c615266d615266 00104070aCLbCLcTHEd2025-10-29l0o200pCLPT-752r2025-10-29w2025-10-29ySC